Direct Flights from the UK - Statistics

General Stats
  • This quiz has been taken 380 times
    364 since last reset
  • The average score is 83 of 96
Answers on the Map
Answers color-coded by a green-red scale on the quiz's map according to % correct below.
 
Answer Stats
Answer % Correct
United Kingdom
99%
France
98%
Ireland
98%
United States
98%
Brazil
97%
Canada
97%
Egypt
97%
Germany
97%
India
97%
Italy
97%
Mexico
97%
Norway
97%
Poland
97%
Portugal
97%
Spain
97%
Sweden
97%
Turkey
97%
Australia
96%
Austria
96%
Belgium
96%
China
96%
Finland
96%
Greece
96%
Iceland
96%
Netherlands
96%
Switzerland
96%
Czechia
95%
Denmark
95%
Japan
95%
Morocco
95%
Romania
95%
Saudi Arabia
95%
South Africa
95%
Estonia
94%
Latvia
94%
Lithuania
94%
Thailand
94%
United Arab Emirates
94%
Albania
93%
Argentina
93%
Croatia
93%
Hungary
93%
Serbia
93%
Slovakia
93%
Slovenia
93%
Chile
92%
South Korea
92%
Bulgaria
91%
Colombia
91%
Pakistan
91%
Vietnam
91%
Algeria
90%
Bosnia and Herzegovina
90%
Iran
90%
North Macedonia
90%
Oman
90%
Qatar
90%
Tunisia
90%
Israel
88%
Montenegro
88%
Nigeria
88%
Malta
87%
Jordan
86%
Kenya
86%
Kosovo
86%
Malaysia
86%
Bahamas
84%
Cyprus
84%
Dominican Republic
84%
Singapore
84%
Bangladesh
82%
Ethiopia
82%
Kazakhstan
82%
Luxembourg
82%
Moldova
81%
Sri Lanka
80%
Azerbaijan
78%
Ghana
78%
Jamaica
78%
Kuwait
78%
Lebanon
78%
Taiwan
78%
Bahrain
76%
Uzbekistan
76%
Maldives
74%
Barbados
69%
Costa Rica
67%
Sudan
65%
Trinidad and Tobago
62%
Turkmenistan
62%
Mauritius
60%
Saint Lucia
60%
Antigua and Barbuda
59%
Cape Verde
59%
Rwanda
46%
Brunei
35%
No matching quizzes found
Score Distribution
Percent of People with Each Score
Percentile by Number Answered
Your Score History
You have not taken this quiz since the last reset